LEADER 00549naa a2200133 i 4500 001 000000319950 003 CaOOAMICUS 005 20180831173317.0 008 180831n it u000 u ita u 013 $a29801 040 $aSeMil$bita 245 12$aI molti generi " di Paura" nel cinema e l'originalità di Stephen King. 773 0 $aMartini, Giulio$tPaura e vie di salvezza.$dMilano : Centro Ambrosiano, 2012.$z978-88-8025-913-8$gp.61-82$w()216113 996 $6245$aI molti generi " di Paura" nel cinema e l'originalità di Stephen King$9(OLS)http://semarc/title/393665 LEADER 01217nam a2200265 i 4500 001 000000128649 003 CaOOAMICUS 005 20040809000000.0 008 040809s1937 it u000 u ita u 013 $a101376 040 $aSeMil$bita 110 0 $aTouring Club Italiano.$0(OLS)http://semarc/name/2273 245 10$aPuglia, Lucania, Calabria. 250 $a1. Ed. di 480000 esempl. impressa coi tipi del Bertieri. 260 $aMilano :$bTouring Club Italiano,$c1937. 300 $a236 p., 4 tav. a colori :$b539 incisioni in nero 1 c. geog. ;$c29 cm. 490 0 $aAttraverso l'Italia : illustrazione delle regioni italiane ;$vVolume8. 650 4$aPuglia.$0(OLS)http://semarc/subject/6814 650 4$aCalabria.$0(OLS)http://semarc/subject/9795 650 4$aLucania .$0(OLS)http://semarc/subject/25414 830 0$aAttraverso l'Italia : illustrazione delle regioni italiane ;$vVolume8.$0(OLS)http://semarc/title/15885 850 $aSeMil 852 $aSeMil$W1$xVenegono$y1$m4Y V 98$j82861$B82861$CSeMilBibl$Z2$F85480 $81 996 $6245$aPuglia, Lucania, Calabria$9(OLS)http://semarc/title/190163 996 $6260$aMilano :$bTouring Club Italiano$9(OLS)http://semarc/publisher/29688